Asia 1981, measures & magnitudes : business, economy, finance, and profiles of thousand companies

Đã lưu trong:
Bibliografiske detaljer
Format: Bog
Sprog:Undetermined
Udgivet: Asian Finance 1981
Fag:
Tags: Tilføj Tag
Ingen Tags, Vær først til at tagge denne postø!
Thư viện lưu trữ: Trung tâm Học liệu Trường Đại học Cần Thơ
LEADER 00468nam a2200157Ia 4500
001 CTU_105588
008 210402s9999 xx 000 0 und d
082 |a 330 
082 |b A832 
245 0 |a Asia 1981, measures & magnitudes : 
245 0 |b business, economy, finance, and profiles of thousand companies 
260 |b Asian Finance 
260 |c 1981 
650 |a Asia economic condition 
904 |i Truc 
980 |a Trung tâm Học liệu Trường Đại học Cần Thơ